[Event "Sachsen-ch"]
[Site "Leipzig"]
[Date "2018.11.04"]
[Round "6"]
[White "Nosek, Reinhard"]
[Black "Bindig, Markus"]
[Result "1-0"]
[WhiteElo "1853"]
[BlackElo "2121"]
[PlyCount "137"]
[EventDate "2018.11.02"]
[EventType "swiss"]
[EventRounds "6"]
[EventCountry "GER"]
[SourceTitle "CBM 187 Extra"]
[Source "ChessBase"]
[SourceDate "2018.11.04"]
[SourceVersion "1"]
[SourceVersionDate "2018.11.04"]
[SourceQuality "1"]

1. Nf3 d5 2. d4 Nf6 3. Bg5 Ne4 4. Bf4 c5 5. e3 Qb6 6. b3 Nc6 7. dxc5 Qxc5 8. Bd3 Bg4 9. 0-0 e6 10. Nbd2 Nxd2 11. Qxd2 Bxf3 12. gxf3 g5 13. Bg3 h5 14. h3 Bg7 15. Rac1 Bc3 16. Qe2 0-0-0 17. Rb1 f5 18. Kh1 g4 19. Rg1 Be5 20. b4 Qd6 21. b5 Nb8 22. c4 Bxg3 23. Rxg3 dxc4 24. Bxc4 Nd7 25. Rgg1 Kb8 26. Rbd1 Qb6 27. Qb2 Nc5 28. Qe5+ Qc7 29. Rxd8+ Rxd8 30. Qxc7+ Kxc7 31. fxg4 hxg4 32. hxg4 Rh8+ 33. Kg2 Rg8 34. Kf3 Ne4 35. Bxe6 Ng5+ 36. Kf4 Nxe6+ 37. Kxf5 Kd6 38. f4 Rf8+ 39. Ke4 Nc5+ 40. Kf3 Ke6 41. e4 Nd3 42. f5+ Ke5 43. Rd1 Nf4 44. Rd7 Rh8 45. Re7+ Kf6 46. Rxb7 Ke5 47. Re7+ Kf6 48. Rxa7 Ke5 49. Re7+ Kf6 50. Rc7 Ke5 51. Rc5+ Kd4 52. Rc7 Ke5 53. g5 Nd3 54. Re7+ Kd4 55. Rd7+ Kc4 56. Rd5 Rh3+ 57. Kg4 Nf2+ 58. Kf4 Nd3+ 59. Rxd3 Kxd3 60. f6 Kd4 61. f7 Rh1 62. g6 Rf1+ 63. Kg5 Ke5 64. g7 Rg1+ 65. Kh6 Rh1+ 66. Kg6 Rg1+ 67. Kh7 Kf6 68. f8Q+ Ke5 69. Qe7+ 1-0

[Event "Sachsen-ch"]
[Site "Leipzig"]
[Date "2018.11.03"]
[Round "2"]
[White "Bindig, Markus"]
[Black "Krien, Hartmut"]
[Result "1-0"]
[WhiteElo "2121"]
[BlackElo "1916"]
[PlyCount "163"]
[EventDate "2018.11.02"]
[EventType "swiss"]
[EventRounds "6"]
[EventCountry "GER"]
[SourceTitle "CBM 187 Extra"]
[Source "ChessBase"]
[SourceDate "2018.11.04"]
[SourceVersion "1"]
[SourceVersionDate "2018.11.04"]
[SourceQuality "1"]

1. e4 Nf6 2. e5 Nd5 3. d4 d6 4. c4 Nb6 5. exd6 cxd6 6. Nc3 g6 7. Be3 Bg7 8. Rc1 0-0 9. b3 Bf5 10. Be2 d5 11. Nf3 Re8 12. 0-0 Nc6 13. h3 e5 14. cxd5 exd4 15. Nxd4 Nxd5 16. Nxd5 Nxd4 17. Bxd4 Qxd5 18. Bxg7 Qxd1 19. Bxd1 Kxg7 20. Bf3 Be4 21. Bxe4 Rxe4 22. Rc7 Re2 23. a4 b5 24. Rd1 bxa4 25. bxa4 Re4 26. Rdd7 Rf4 27. Rxa7 Rxa7 28. Rxa7 Rb4 29. g3 h5 30. h4 Rb2 31. Rc7 Ra2 32. Rc4 Kf6 33. Kg2 Ra3 34. Kf1 Ra2 35. Ke1 Ke5 36. Rf4 f6 37. Rb4 Kf5 38. Kf1 Ke6 39. Rb6+ Kf5 40. Rb5+ Kg4 41. Kg2 g5 42. Rc5 gxh4 43. Rc4+ Kg5 44. Rxh4 Kg6 45. Rf4 Kg5 46. Rb4 Kg6 47. Rc4 Kh6 48. Rf4 Kg5 49. Kf3 Kg6 50. Ke3 Ra1 51. Kd3 Ra3+ 52. Kc2 Ra2+ 53. Kb3 Ra1 54. Kb2 Re1 55. a5 Re5 56. Ra4 Re2+ 57. Kc1 Re7 58. a6 Ra7 59. Kd2 f5 60. Ke3 Kg5 61. Kf3 Kf6 62. Kf4 Rg7 63. Ra5 Rg4+ 64. Kf3 Rg8 65. a7 Ra8 66. Kf4 Ke6 67. Ra6+ Kd5 68. Kxf5 Kc5 69. Kg5 Kb5 70. Ra2 Kb6 71. Kxh5 Kb7 72. f4 Rh8+ 73. Kg4 Ka8 74. f5 Rg8+ 75. Kf4 Rc8 76. g4 Rc4+ 77. Kg5 Rc8 78. f6 Rg8+ 79. Kf5 Rc8 80. g5 Rc1 81. f7 Rc5+ 82. Kf6 1-0

[Event "Wunsiedel op 8th"]
[Site "Wunsiedel"]
[Date "2014.05.31"]
[Round "5"]
[White "Bindig, Markus"]
[Black "Maurer, Jochen"]
[Result "0-1"]
[WhiteElo "2029"]
[BlackElo "2269"]
[PlyCount "88"]
[EventDate "2014.05.29"]
[EventType "swiss"]
[EventRounds "7"]
[EventCountry "GER"]
[SourceTitle "CBM 160 Extra"]
[Source "ChessBase"]
[SourceDate "2014.07.01"]
[SourceVersion "1"]
[SourceVersionDate "2014.07.01"]
[SourceQuality "1"]

1. d4 Nf6 2. c4 e6 3. Nc3 d5 4. cxd5 exd5 5. Bg5 Be7 6. e3 c6 7. Bd3 Nbd7 8. Nge2 Nf8 9. Qc2 Ne6 10. Bh4 g6 11. f3 0-0 12. 0-0 b6 13. Rad1 Bb7 14. Bf2 Rc8 15. e4 dxe4 16. fxe4 Ng4 17. Bc4 Nxf2 18. Rxf2 c5 19. d5 Nd4 20. Qd3 Bf6 21. Rdf1 Be5 22. Qh3 Qd6 23. Kh1 a6 24. a4 Kg7 25. Nf4 Rce8 26. Nd3 Bc8 27. Qh4 f5 28. Nxe5 Qxe5 29. Qf4 Qxf4 30. Rxf4 fxe4 31. Rxf8 Rxf8 32. Rxf8 Kxf8 33. Nxe4 b5 34. axb5 axb5 35. Bf1 c4 36. Kg1 Bf5 37. Ng5 h6 38. Ne6+ Bxe6 39. dxe6 Ke7 40. Kf2 Kxe6 41. Ke3 Kd5 42. g3 Nf5+ 43. Kf4 Kd4 44. h4 Ne3 0-1